000 01878nam a2200409 a 4500
001 ebr10494512
003 CaPaEBR
006 m u
007 cr cn|||||||||
008 110525s2011 enkad sbf 001 0 eng d
010 _z 2011018218
020 _z9780470710869 (cloth)
020 _z9781119970606 (obook)
020 _z9781119952046 (ePub)
020 _z9781119952053 (Mobi)
020 _z9781119970613 (e-book)
040 _aCaPaEBR
_cCaPaEBR
035 _a(OCoLC)759159249
050 1 4 _aQH324.2
_b.S79 2011eb
082 0 4 _a570.1/5195
_223
245 0 0 _aHandbook of statistical systems biology
_h[electronic resource] /
_cedited by Michael P.H. Stumpf, David J. Balding, Mark Girolami.
260 _aChichester, West Sussex ;
_aHoboken, N.J. :
_bJohn Wiley & Sons,
_c2011.
300 _axxi, 508 p. :
_bill. (some col.)
504 _aIncludes bibliographical references and index.
505 0 _aA. Methodological chapters -- B. Technology-based chapters -- C. Networks and graphical models -- D. Dynamical systems -- E. Application areas.
533 _aElectronic reproduction.
_bPalo Alto, Calif. :
_cebrary,
_d2011.
_nAvailable via World Wide Web.
_nAccess may be limited to ebrary affiliated libraries.
650 0 _aSystems biology
_xStatistical methods
_vHandbooks, manuals, etc.
650 0 _aBiological systems
_xMathematical models
_vHandbooks, manuals, etc.
650 0 _aUncertainty
_xMathematical models
_vHandbooks, manuals, etc.
650 0 _aStochastic analysis
_xMathematical models
_vHandbooks, manuals, etc.
655 7 _aElectronic books.
_2local
700 1 _aStumpf, M. P. H.
_q(Michael P. H.)
700 1 _aBalding, D. J.
700 1 _aGirolami, Mark,
_d1963-
710 2 _aebrary, Inc.
856 4 0 _uhttp://site.ebrary.com/lib/rucke/Doc?id=10494512
_zAn electronic book accessible through the World Wide Web; click to view
999 _c129868
_d129868